Micronation Flags - 1 - Statistics

General Stats
  • This quiz has been taken 68 times
  • The average score is 3 of 6
Answer Stats
Picture Answer % Correct
Principality of Sealand
89%
Republic of Molossia
67%
Aerican Empire
56%
Gay & Lesbian Kingdom of the Coral Sea Islands
42%
Principality of Freedonia
42%
State of Scott
29%
No matching quizzes found
Score Distribution
Percent of People with Each Score
Percentile by Number Answered
Your Score History
You have not taken this quiz